| 000 | 00529nam a22002051c 4500 | ||
|---|---|---|---|
| 001 | a987680068 | ||
| 008 | 170503s1977 gw |||| 000u eng d | ||
| 020 |
_a0333219244 _90-333-21924-4 |
||
| 041 | _aeng | ||
| 100 | 1 | _aPearson, Raymond | |
| 245 | 0 | 4 | _aThe Russian Moderates and the Crisis of Tsarism, 1914-1917 |
| 264 |
_aLondon : _bMacMillan Press, _c1977 |
||
| 300 | _a208 S. Oln. | ||
| 648 | 0 | _a<1914-1917> | |
| 650 | 0 | _aOpposition | |
| 651 | 0 | _aRussland | |
| 942 | _cMG | ||
| 040 | _cRU-10907106 | ||
| 003 | RU-10907106 | ||
| 999 |
_c42111 _d42111 |
||